| 000 | 01242nam0a2200313 4500 | ||
|---|---|---|---|
| 001 | RU\NLR\bibl\401821 | ||
| 005 | 20260406071426.0 | ||
| 010 |
_a5-17-016982-5 _bАСТ |
||
| 010 |
_a5-93699-036-9 _95000 _bСеверо-Запад Пресс |
||
| 021 |
_aRU _b2003-14257 _9666 |
||
| 035 | _a(NLR Aleph) 000395977 | ||
| 090 |
_a545189 _c545189 |
||
| 100 | _a20030523d2003 |||y0rusy50 ca | ||
| 101 | 1 |
_arus _ceng |
|
| 102 | _aRU | ||
| 105 | _aa ||||||||| | ||
| 200 | 1 |
_aЧудовище лабиринта _aЖемчужина Патмоса _e[Романы] _fЛорд Джеффри _g[Пер. с англ. С. Нахмансон и др. _gИл. Кирилла Рожкова] |
|
| 210 |
_aМ. _cЭксмо _aСПб. _cСеверо-Запад Пресс _d2003 |
||
| 215 |
_a566, [3] с. _cил. _d21 |
||
| 225 | 1 | _aХроники Ричарда Блейда | |
| 327 | 1 | _aВ кн. также: Архивы Ричарда Блейда: Пещера: Рассказ | |
| 686 | _aШ6(7США)67-445{Лх1979-62} | ||
| 700 | 1 |
_4070 _7ca _8rus _aЛорд _bД. _gДжеффри _9126146 _3RU\NLR\auth\7716508 |
|
| 801 | 0 |
_aRU _bNLR _c20030523 _gPSBO |
|
| 801 | 1 |
_aRU _bNLR _c20030523 |
|
| 942 | _cBOOK | ||
| 980 | _aNB | ||